Normal view
MARC view
- Digiovanni, Peter R
Entry Personal Name
001 - CONTROL NUMBER
- control field: 66648
003 - CONTROL NUMBER IDENTIFIER
- control field: NUST
005 - DATE AND TIME OF LATEST TRANSACTION
- control field: 20210628203632.0
008 - FIXED-LENGTH DATA ELEMENTS
- fixed length control field: 210628|| aca||aabn | a|a d
040 ## - CATALOGING SOURCE
- Original cataloging agency: NUST
- Transcribing agency: NUST
100 ## - HEADING--PERSONAL NAME
- Personal name: Digiovanni, Peter R
670 ## - SOURCE DATA FOUND
- Source citation: Work cat.: (NUST): Digiovanni, Peter R, Testing technology of metal matrix composites, 1988
